Language Quiz

Random Language or Italian Quiz

Chapter 5 Italian Vocabularly Quiz Stats

 Plays Quiz not verified by Sporcle

Score 0/57 Timer 10:00
0 Plays Today
English Italian % Correct
aperitifl'aperitivo
76.9%
dessertil dolce
76.9%
to eat dinner/suppercenare
69.2%
first courseil primo piatto
69.2%
second courseil secondo piatto
69.2%
snacklo spuntino
69.2%
lambl'agnello
69.2%
grilledalla griglia
69.2%
friedfritto
69.2%
inn, tavernl'osteria
69.2%
appetizerl'antipasto
61.5%
to set (the table)apparecchiare
61.5%
roasted arrosto
61.5%
fruit saladla macedonia
61.5%
porkil maiale
61.5%
sauce for pastail sugo
61.5%
to lose weightdimagrire
61.5%
mineral waterl'acqua minerale naturale
53.8%
side dishil contorno
53.8%
to be fullessere pieno
53.8%
roastl'arrosto
53.8%
kilogramil chilo
53.8%
slice la fetta
53.8%
saucela salsa
53.8%
vealil vitello
53.8%
sandwich shopla paninoteca
53.8%
to gain weightingrassare
53.8%
hormonel'ormone
53.8%
sparkling mineral waterl'acqua minerale gasata
46.2%
English Italian % Correct
silverwarele posate
46.2%
to clear (the table)sparecchiare
46.2%
bakedal forno
46.2%
added to boiling waterbollito
46.2%
seafoodi frutti di mare
46.2%
beefil manzo
46.2%
stuffedripieno
46.2%
wine shopl'enoteca
46.2%
family-style restaurant la trattoria
46.2%
to be on a dietessere a dieta
46.2%
veganil vegetaliano
46.2%
vegetarianil vegetariano
46.2%
bowl for grated cheesela formaggiera
38.5%
to tasteassaggiare
38.5%
dressingil condimento
38.5%
stuffingil ripieno
38.5%
cold cutil salume
38.5%
cafela tavola calda
38.5%
additivel'additivo
38.5%
organicbiologico
38.5%
veganil vegano
38.5%
tap waterl'acqua del rubinetto
30.8%
added to cold water and brought to a boillessato
30.8%
food cooked on a skewerlo spiedino
30.8%
sweeteneril dolcificante
30.8%
food dyeil colorante
23.1%
preservativeil conservante
23.1%
7.7%

You're not logged in!

Compare scores with friends on all Sporcle quizzes.
OR
Log In

Show Comments

Extras

Top Quizzes Today


Score Distribution

Your Account Isn't Verified!

In order to create a playlist on Sporcle, you need to verify the email address you used during registration. Go to your Sporcle Settings to finish the process.

Report this User

Report this user for behavior that violates our Community Guidelines.

Details: